000 00459nam a2200157Ia 4500
005 20241220064444.0
008 240331s9999 xx 000 0 und d
020 _a9558095826
082 _bGOO
_a828
100 _aGoonetilleke, D.C.R.A.
245 0 _aSri Lankan englishliterature and the Sri Lankan people 1917-2003
260 _aColombo
_bVijitha Yapa Publications
_c2005
300 _avii, 318 p .,
500 _aSri Lanka's English Literature
942 _cL
999 _c3362
_d3362